000 02829nam a2200601 i 4500
001 sky299474851
003 SKY
005 20250304140741.0
008 190529t20202020mnuab j b 001 0beng d
010 _a2019942101
020 _a9781532190858
_q(hardcover)
020 _a1532190859
_q(hardcover)
035 _a(OCoLC)on1121083206
040 _aYDX
_beng
_cYDX
_erda
_dBDX
_dOCO
_dOCLCF
_dPZT
_dIUK
_dOCLCQ
_dOCLCA
_dOCL
_dDLC
_dSKYRV
042 _alccopycat
043 _an-us---
050 0 0 _aE840.8.L49
_bH37 2020
082 0 4 _a323.119/6073
_aB
_223
092 _ajunior nonfiction
_bJ 92 Lewis
100 _aHarris, Duchess,
_eauthor.
_95813057
245 1 0 _aJohn Lewis :
_bcivil rights leader and congressman /
_cby Duchess Harris, JD, PhD with Tammy Gagne.
264 1 _aMinneapolis, Minnesota :
_bCore Library, an imprint of Abdo Publishing,
_c[2020]
264 4 _c©2020.
300 _a48 pages :
_billustrations, map ;
_c24 cm.
336 _atext
337 _aunmediated
338 _avolume
490 1 _aFreedom's promise.
504 _aIncludes bibliographical references (page 46) and index.
505 0 _aBloody Sunday -- Sitting in and speaking out -- Becoming a leader -- Still making history.
520 _aJohn Lewis is an influential African American politician who played a key role in the civil rights movement. He raised awareness of racial discrimination and violence in the 1960s. This book explores Lewis's activism and political career. Includes infographics and glossary. Aligned to Common Core Standards and correlated to state standards.
521 _aGrade 3-6.
600 1 0 _aLewis, John,
_d1940-2020
_vJuvenile literature.
_96427604
611 2 0 _aMarch on Washington for Jobs and Freedom
_d(1963 :
_cWashington, D.C.)
_vJuvenile literature.
_95698370
650 0 _aAfrican Americans
_xCivil rights
_zSouthern States
_vJuvenile literature.
_96539882
650 0 _aLegislators
_zUnited States
_vJuvenile literature.
_96466280
650 0 _aAfrican American civil rights workers
_vBiography
_vJuvenile literature.
_96485693
650 0 _aCivil rights movements
_zUnited States
_vBiography
_vJuvenile literature.
_96539883
650 0 _aAfrican American legislators
_vBiography
_vJuvenile literature.
_96378813
650 0 _aAfrican American civil rights workers.
650 0 _aAfrican American legislators.
650 0 _aAfrican Americans
_xCivil rights.
_978901
650 0 _aCivil rights movements.
650 0 _aLegislators.
651 0 _aSouthern States.
651 0 _aUnited States.
655 0 _aBiographies.
_95691024
655 0 _aJuvenile works.
_95673941
655 0 _aBiographies.
_95691024
700 _aGagne, Tammy.
_eauthor.
_95813032
800 _aHarris, Duchess.
_tFreedom's promise.
_95813062
942 _2ddc
_cBOOK
999 _c405103
_d405103